header

Ethnic conflict and civic life (Record no. 136138)

MARC details
000 -LEADER
fixed length control field 01338nam a2200337 a 4500
082 04 - DEWEY DECIMAL CLASSIFICATION NUMBER
Classification number 954/.0088/2971
100 1# - MAIN ENTRY--AUTHOR NAME
Personal name Varshney, Ashutosh,
245 10 - TITLE STATEMENT
Title Ethnic conflict and civic life
260 ## - PUBLICATION, DISTRIBUTION, ETC. (IMPRINT)
Place of publication New Haven, CT :
Name of publisher Yale University Press,
Year of publication c2002.
300 ## - PHYSICAL DESCRIPTION
Number of Pages ix, 382 p. :
Other physical details ill., charts.
650 #0 - SUBJECT ADDED ENTRY--TOPICAL TERM
Topical Term Communalism
Topical Term Ethnic conflict
Topical Term Hindus
Topical Term Muslims
856 40 - ELECTRONIC LOCATION AND ACCESS
Uniform Resource Identifier http://site.ebrary.com/lib/rucke/Doc?id=10170068

No items available.

© 2026 Rongo University
Contact us: librarian | system librarian | Rongo university